000 01651cam a22004814i 4500
003 PE-LiUPU
005 20250731173531.0
008 150616s r 000 0 d
020 _a0802835295
035 _a(Sirsi) i9780802835291
040 _aPE-LiUPU
_bspa
_cPE-LiUPU
_erda
049 _aPRUA
082 0 4 _a230.01
_bT47
_221
100 1 _aThiessen, Henry C.,
_eautor.
245 1 0 _aLectures in Systematic Theology.
264 1 _aGrand Rapids, Michigan :
_bW. B. Eerdmans Publishing Co.,
_c1996.
300 _a454 páginas ;
_c24 centímetros
336 _atext
_2rdacontent
337 _aunmediated
_2rdamedia
338 _avolume
_2rdacarrier
500 _aTeología Doctrinal
_bVéase
_cTEOLOGIA DOGMATICA - INTRODUCCION.
504 _aIncluye bibliografía.
505 0 _aTheism.- Bibliology.- Theology.- Angelology.- Antropology.- Soteriology.- Ecclesiology.- Eschatology.
526 _aSEG42
526 _aSEG41
526 _aSEG40
526 _aSEG39
526 _aP94
526 _aP87
526 _aP86
526 _aP85
526 _aP77
526 _aP76
526 _aP35
650 0 4 _aTEOLOGIA DOGMATICA - INTRODUCCION.
910 _ajck
_bjvq
_cjck
942 _2ddc
_cBOOK
949 _a230.01 T47
_wDEWEY
_c1
_i42275
_lCCODEBUL1
_mBUL
_r0
_sY
_tBOOK
_u2015-6-16
_xTEOLOGIA
_zUNKNOWN
_0COMPRA
_o.STAFF. Colección General
994 _aC0
_bPEPRU
596 _a1
999 _a230.01 T47
_wDEWEY
_c60105
_i42275
_f2021-11-9
_g6
_lCCODEBUL1
_mBUL
_r0
_sY
_tBOOK
_u2015-6-16
_xTEOLOGIA
_zUNKNOWN
_0COMPRA
_o.STAFF. Colección General
_d60105
980 _81
_gALBERTO SANCHEZ Responsable de Automatización